000 00271nam a22000977a 4500
008 231013b |||||||| |||| 00| 0 eng d
020 _a9789391165574
100 _aDutt Barkha
_97720
245 _aHumans of Covid To Hell and Back
260 _aNew Delhi
_bJuggernaut Books
_c2022
999 _c12454
_d12454